Culture Générale - Série 2200 - Statistiques

Statistiques générales
  • Ce quiz a été pris 87 fois
  • Le résultat moyen est 4 sur 10
Statistiques - réponses
Question Réponse % Correct
Quel grand fleuve traverse ce lac ? Rhin
79%
Quel était le prénom du peintre Toulouse-Lautrec ? Henri
66%
Dans quel pays européen se trouve la ville de Novi Sad ? Serbie
48%
Dans quel pays européen se trouve la ville de Vukovar ? Croatie
45%
Quel grand lac alpin est partagé entre la Suisse, l'Autriche et l'Allemagne ? Constance
41%
Qui a réalisé "La peau douce" en 1964 avec Françoise Dorléac, Jean Desailly ? prénom et nom - voir photo François Truffaut
39%
Dans quelle ville française est né Toulouse-Lautrec en 1864 ? Albi
28%
Quel est le nom allemand de ce grand lac ? Bodensee
24%
Qui a réalisé "Les seins de glace" en 1974 avec Mireille Darc et Alain Delon ? prénom et nom Georges Lautner
13%
Dans un jeu de cartes traditionnel, comment s'appelle la dame de trèfle ? Argine
7%
Aucun quiz correspondant
Distribution des résultats
% des personnes avec chaque résultat
Percentile par nombre de réponses
Votre historique - résultats
Vous n’avez pas pris ce quiz